Australian grasslands, (Record no. 18548)
[ view plain ]
| 000 -LEADER | |
|---|---|
| fixed length control field | 00465nam a22001697a 4500 |
| 003 - CONTROL NUMBER IDENTIFIER | |
| control field | OSt |
| 005 - DATE AND TIME OF LATEST TRANSACTION | |
| control field | 20250512113837.0 |
| 008 - FIXED-LENGTH DATA ELEMENTS--GENERAL INFORMATION | |
| fixed length control field | 250512b |||||||| |||| 00| 0 eng d |
| 020 ## - INTERNATIONAL STANDARD BOOK NUMBER | |
| International Standard Book Number | 0708104495 |
| 040 ## - CATALOGING SOURCE | |
| Original cataloging agency | SEKU |
| 050 ## - LIBRARY OF CONGRESS CALL NUMBER | |
| Classification number | SB 208. |
| Item number | A8 M6 |
| 100 ## - MAIN ENTRY--PERSONAL NAME | |
| Personal name | Moore, Raymond Milton. |
| 245 ## - TITLE STATEMENT | |
| Title | Australian grasslands, |
| 260 ## - PUBLICATION, DISTRIBUTION, ETC. (IMPRINT) | |
| Place of publication, distribution, etc. | Canberra, |
| Name of publisher, distributor, etc. | Australian National University Press, |
| Date of publication, distribution, etc. | 1970. |
| 650 ## - SUBJECT ADDED ENTRY--TOPICAL TERM | |
| Topical term or geographic name as entry element | Pastures |
| General subdivision | Range management |
| Geographic subdivision | Australia. |
| 942 ## - ADDED ENTRY ELEMENTS (KOHA) | |
| Source of classification or shelving scheme | Library of Congress Classification |
| Koha item type | General circulation |
| Withdrawn status | Lost status | Source of classification or shelving scheme | Damaged status | Not for loan | Home library | Current library | Shelving location | Date acquired | Source of acquisition | Total Checkouts | Full call number | Barcode | Date last seen | Price effective from | Koha item type |
|---|---|---|---|---|---|---|---|---|---|---|---|---|---|---|---|
| Library of Congress Classification | SEHSS - Library | SEHSS - Library | General Stacks | 12/05/2025 | Donation | [ESH] SB 208. A8 M6 | 2023/026288 | 12/05/2025 | 12/05/2025 | General circulation |